[Event "Ruhrgebiet Verbandsliga1 1213"]
[Site "Nordrheinwestfalen"]
[Date "2013.02.03"]
[Round "6.5"]
[White "Wloka, Sebastian"]
[Black "Pothmann, Malte"]
[Result "0-1"]
[WhiteElo "1894"]
[BlackElo "1991"]
[PlyCount "82"]
[EventDate "2012.09.02"]
[EventType "team-tourn"]
[EventRounds "9"]
[EventCountry "GER"]
[SourceTitle "EXT 2020"]
[Source "ChessBase"]
[SourceDate "2019.10.17"]
[SourceVersion "1"]
[SourceVersionDate "2019.10.17"]
[SourceQuality "1"]
[WhiteTeam "Eichlinghofen SV"]
[BlackTeam "Hamm SVg"]
[WhiteTeamCountry "GER"]
[BlackTeamCountry "GER"]

1. d4 d5 2. c4 c6 3. e3 Nf6 4. Nc3 Bf5 5. Nf3 e6 6. Bd3 Bxd3 7. Qxd3 Bd6 8. 0-0 0-0 9. e4 dxe4 10. Nxe4 Nxe4 11. Qxe4 Nd7 12. c5 Be7 13. Bf4 Nf6 14. Qc2 Qc8 15. a3 Bd8 16. b4 Nd5 17. Bd6 Re8 18. Rab1 Bc7 19. Ng5 g6 20. Ne4 Bd8 21. Rb3 f5 22. Nd2 Bf6 23. Nf3 b5 24. Qd2 Qd8 25. Re1 a5 26. Be5 Be7 27. h4 axb4 28. axb4 Bxh4 29. Qh6 Bf6 30. Ng5 Qd7 31. Rg3 Bxg5 32. Rxg5 Qf7 33. Rb1 Nc3 34. Rb3 Ne4 35. Rh5 gxh5 36. Rh3 Qg6 37. Qe3 Ra2 38. Bg3 f4 39. Qxf4 Rf8 40. Qe5 Nxf2 41. Rxh5 Ra1+ 0-1

[Event "Ruhrgebiet Verbandsliga1 1213"]
[Site "Nordrheinwestfalen"]
[Date "2012.09.30"]
[Round "2.5"]
[White "Hillebrand, Carsten"]
[Black "Pothmann, Malte"]
[Result "1/2-1/2"]
[WhiteElo "1932"]
[BlackElo "1991"]
[PlyCount "108"]
[EventDate "2012.09.02"]
[EventType "team-tourn"]
[EventRounds "9"]
[EventCountry "GER"]
[SourceTitle "EXT 2020"]
[Source "ChessBase"]
[SourceDate "2019.10.17"]
[SourceVersion "1"]
[SourceVersionDate "2019.10.17"]
[SourceQuality "1"]
[WhiteTeam "Dortmund FS 98"]
[BlackTeam "Hamm SVg"]
[WhiteTeamCountry "GER"]
[BlackTeamCountry "GER"]

1. c4 e5 2. g3 Nf6 3. Bg2 g6 4. Nc3 Bg7 5. d3 d6 6. e4 Nc6 7. Nge2 Be6 8. a3 Qd7 9. h3 a6 10. Be3 0-0 11. Rc1 Ne7 12. Nd5 Bxd5 13. cxd5 c6 14. dxc6 bxc6 15. 0-0 c5 16. b4 cxb4 17. axb4 Rab8 18. Ra1 Qb5 19. Ra5 Qxb4 20. Rxa6 d5 21. Bg5 Rb6 22. Ra4 Qd6 23. Nc3 d4 24. Nb1 Ra6 25. Na3 Rfa8 26. Rxa6 Qxa6 27. Nc4 Nc6 28. Bd2 Nd7 29. f4 Nb6 30. Nxb6 Qxb6 31. f5 Ra3 32. fxg6 hxg6 33. Qf3 f6 34. Rf2 Ne7 35. g4 Qb3 36. Bf1 g5 37. h4 gxh4 38. Rh2 Ng6 39. Qf5 Qf7 40. Qc8+ Qf8 41. Qc4+ Qf7 42. Qc8+ Bf8 43. Rf2 Ne7 44. Qd7 Ra2 45. Bh3 Qb3 46. g5 Qd1+ 47. Rf1 Qxd2 48. Be6+ Kh8 49. Bxa2 Qxa2 50. Qg4 Qd2 51. Qxh4+ Kg8 52. gxf6 Ng6 53. f7+ Kg7 54. Qf6+ Kh6 1/2-1/2

[Event "Ruhrgebiet Verbandsliga2 1112"]
[Site "Nordrheinwestfalen"]
[Date "2011.11.13"]
[Round "3.6"]
[White "Pothmann, Malte"]
[Black "Mackowiak, Sascha"]
[Result "0-1"]
[WhiteElo "1993"]
[BlackElo "1854"]
[PlyCount "98"]
[EventDate "2011.09.18"]
[EventType "team-tourn"]
[EventRounds "9"]
[EventCountry "GER"]
[SourceTitle "EXT 2020"]
[Source "ChessBase"]
[SourceDate "2019.10.17"]
[SourceVersion "1"]
[SourceVersionDate "2019.10.17"]
[SourceQuality "1"]
[WhiteTeam "Hamm SVg"]
[BlackTeam "Bochum SV II"]
[WhiteTeamCountry "GER"]
[BlackTeamCountry "GER"]

1. e4 e6 2. d4 d5 3. Nc3 Nf6 4. Bg5 Bb4 5. e5 h6 6. exf6 hxg5 7. fxg7 Rg8 8. Qh5 Qf6 9. a3 Ba5 10. Nf3 Qxg7 11. Ne5 Nd7 12. Nxd7 Bxd7 13. Qd1 c5 14. b4 cxb4 15. Nb5 bxa3+ 16. c3 a6 17. Nd6+ Ke7 18. Qb3 Qxd4 19. Nf5+ exf5 20. Qxa3+ Kf6 21. Qxa5 Rge8+ 22. Be2 Rxe2+ 23. Kxe2 Bb5+ 24. Qxb5 Qe4+ 25. Kd2 axb5 26. Rxa8 Qxg2 27. Re1 Qxf2+ 28. Re2 Qf4+ 29. Kc2 b4 30. Rc8 Qf3 31. Rd2 Qe4+ 32. Kb2 bxc3+ 33. Rxc3 Qb4+ 34. Kc2 d4 35. Rb3 Qc4+ 36. Kb2 b5 37. Rc2 Qd5 38. Ra3 d3 39. Rd2 Qd4+ 40. Ka2 Qc4+ 41. Rb3 g4 42. Kb2 Qd4+ 43. Kb1 Qe4 44. Rbxd3 f4 45. Kc1 Kg5 46. Rd4 Qe1+ 47. Kc2 f3 48. Rd5+ f5 49. Rd1 f2 0-1

[Event "Ruhrgebiet Verbandsliga2 1112"]
[Site "Nordrheinwestfalen"]
[Date "2011.10.09"]
[Round "2.5"]
[White "Pothmann, Malte"]
[Black "Rohovoy, Dimitrij"]
[Result "1-0"]
[WhiteElo "1993"]
[BlackElo "1869"]
[PlyCount "135"]
[EventDate "2011.09.18"]
[EventType "team-tourn"]
[EventRounds "9"]
[EventCountry "GER"]
[SourceTitle "EXT 2020"]
[Source "ChessBase"]
[SourceDate "2019.10.17"]
[SourceVersion "1"]
[SourceVersionDate "2019.10.17"]
[SourceQuality "1"]
[WhiteTeam "Hamm SVg"]
[BlackTeam "Recklinghausen Altstadt"]
[WhiteTeamCountry "GER"]
[BlackTeamCountry "GER"]

1. e4 c5 2. f4 Nc6 3. Nf3 d6 4. c3 Nf6 5. d3 e6 6. Nbd2 Be7 7. Be2 0-0 8. 0-0 Qc7 9. h3 Nh5 10. Nh2 Ng3 11. Rf3 Nxe2+ 12. Qxe2 Bd7 13. Nc4 Rae8 14. Qf2 b5 15. Ne3 b4 16. Nc2 Rb8 17. f5 exf5 18. exf5 Ne5 19. Rg3 Kh8 20. d4 cxd4 21. cxd4 Bh4 22. dxe5 Bxg3 23. Qxg3 Qxc2 24. exd6 Qxf5 25. Be3 Qg6 26. Qxg6 hxg6 27. Bxa7 Rb7 28. Bd4 Rc8 29. Nf3 Rc4 30. Rd1 f6 31. Rd2 Rb5 32. b3 Rc8 33. Nh4 Kh7 34. Re2 Re8 35. Rc2 Rb7 36. Nf3 Bf5 37. Rd2 Rd8 38. Be3 Rbd7 39. Bc5 Rc8 40. Bxb4 Rc2 41. Rxc2 Bxc2 42. Nd4 Bd3 43. Bc5 Kg8 44. b4 Kf7 45. Kf2 Be4 46. a4 f5 47. g3 Kf6 48. Ke3 Ke5 49. Nb5 g5 50. a5 f4+ 51. gxf4+ gxf4+ 52. Kf2 g5 53. a6 Rh7 54. a7 Rd7 55. Nd4 Bb7 56. Nf3+ Kf6 57. Ke2 Kf5 58. Nd2 Ba6+ 59. Kf2 Bb7 60. Nc4 Ke6 61. b5 Kd5 62. Nb6+ Kxc5 63. Nxd7+ Kxd6 64. Nb6 Kc7 65. Na4 Bd5 66. Ke2 Kb7 67. a8Q+ Kxa8 68. Nb6+ 1-0

[Event "Moehnesee Cup-B"]
[Site "Moehnesee"]
[Date "2005.08.21"]
[Round "7"]
[White "Dreesbach, Tobias"]
[Black "Pothmann, Malte"]
[Result "0-1"]
[WhiteElo "1435"]
[BlackElo "1238"]
[PlyCount "79"]
[EventDate "2005.08.18"]
[EventType "swiss"]
[EventRounds "7"]
[EventCountry "GER"]
[SourceTitle "CBM 108 Extra"]
[Source "ChessBase"]
[SourceDate "2005.11.04"]
[SourceVersion "1"]
[SourceVersionDate "2005.11.04"]
[SourceQuality "1"]

1. e4 e5 2. Nf3 Nc6 3. d4 exd4 4. Nxd4 Bc5 5. Be3 Nxd4 6. Bxd4 Bxd4 7. Qxd4 Nf6 8. e5 Qe7 9. Be2 c5 10. Qe3 Nd5 11. Qe4 Nb4 12. a3 Nc6 13. f4 d6 14. Bb5 Bd7 15. Bxc6 Bxc6 16. Qe2 0-0 17. 0-0 dxe5 18. fxe5 Rfe8 19. Qf2 Qe6 20. Qf4 Qd5 21. Qf2 Rxe5 22. Nc3 Qd7 23. Rad1 Qe7 24. h4 f6 25. Rde1 Re8 26. Rxe5 Qxe5 27. Re1 Qxe1+ 28. Qxe1 Rxe1+ 29. Kf2 Rc1 30. Kg3 Rxc2 31. Nd1 Rxg2+ 32. Kh3 Rd2 33. Nc3 Rxb2 34. Nd1 Rd2 35. Nc3 Rd3+ 36. Kg4 Rxc3 37. Kh5 Bd7 38. a4 h6 39. a5 g6+ 40. Kxh6 0-1